| 000 | 04707nam a22004695i 4500 | ||
|---|---|---|---|
| 001 | ssj0002038260 | ||
| 003 | WaSeSS | ||
| 005 | 20220419111033.0 | ||
| 006 | m d | ||
| 007 | cr n | ||
| 008 | 180611s2018 xxu| o |||| 0|eng d | ||
| 020 | _a9781484235942 | ||
| 024 | 7 |
_a10.1007/978-1-4842-3594-2 _2doi |
|
| 040 |
_dWaSeSS _cAIMIT LIBRARY |
||
| 050 | 4 | _aQA76.73.J38 | |
| 072 | 7 |
_aUMX _2bicssc |
|
| 072 | 7 |
_aCOM051280 _2bisacsh |
|
| 072 | 7 |
_aUMX _2thema |
|
| 082 | 0 | 4 |
_a006.671 _22 _bJUNJ |
| 092 | _aEBOOK | ||
| 100 | 1 |
_aJuneau, Josh. _930348 |
|
| 245 | 1 | 0 |
_aJava EE 8 Recipes : _ba problem solution approach / _cBy Josh Juneau. |
| 250 | _a2nd ed. | ||
| 260 |
_aNew York : _bApress , _c2018. |
||
| 300 |
_axlix, 760p. ; _c23 cm. |
||
| 347 |
_atext file _bPDF _2rda |
||
| 505 | 0 | _a1. Working with Servlets -- 2. JavaServer Pages -- 3. The Basics of JavaServer Faces -- 4. JavaServer Faces Standard Components -- 5. Advanced JavaServer Faces and Ajax -- 6. The MVC Framework -- 7. JDBC -- 8. Object-Relational Mapping -- 9. Enterprise JavaBeans -- 10. The Query API and JPQL -- 11. Bean Validation -- 12. Java EE Containers -- 13. Contexts and Dependency Injection -- 14. Java Message Service -- 15. RESTful Web Services -- 16. WebSockets and JSON -- 17. Security -- 18. Concurrency and Batch Applications -- 19. Appendix: Java EE Development with Apache NetBeans IDE. | |
| 506 | _aRequires an SPL library card. | ||
| 520 | _aQuickly find solutions to dozens of common programming problems with the Java Enterprise Edition Platform for small business web applications, enterprise database applications, and microservices solutions. Content is presented in the popular problem-solution format. Look up the programming problem that you want to solve. Read the solution. Apply the solution directly in your own code. Problem solved! Java EE 8 Recipes provides you with effective and proven solutions that can be used to accomplish just about any task that you may encounter. You can feel confident using the reliable solutions that are demonstrated in this book in your personal or corporate environment. Java is a mature programming language that has been refined over the years into a productive and lucrative language for those with the skills to wield it. One result of this years-long refining process is that that the language carries forward many older feature sets that no longer represent the best way of getting work accomplished. You can rest assured that Java EE 8 Recipes provides solutions using the most current approaches implemented in the most current Java Enterprise technologies, including JSON-P 1.1, JSF 2.3, and JAX-RS 2.1. Build a streamlined and reliable application that uses the latest in Java technologies, and develop it much faster than you did with the older technologies. Rejuvenate your Java expertise to use the freshest capabilities, or perhaps learn Java Enterprise development for the first time and discover one of the most widely used and most powerful technologies available for application development today. Develop productively. Develop with proven technology. Develop with Java Enterprise Edition. The book: Teaches how to develop RESTful enterprise applications quickly using the most current Java EE technologies Explores different solutions for developing sophisticated web user interfaces Walks you through a myriad of different concepts to apply while working with databases using Java technologies What You'll Learn: Develop Java Enterprise applications using the latest in Java EE technologies Build great-looking user interfaces using Java Server Faces Employ Java Servlet technology and standard frameworks in developing professional web applications Create enterprise-level database applications using Enterprise Java Beans and JAX-RS RESTFul web services Make use of Arquillian to build a cohesive test suite for Java EE applications Manage Java EE application security through Java EE's container feature set. | ||
| 538 | _aMode of access: World Wide Web. | ||
| 650 | 0 |
_aWorking with servlets _930349 |
|
| 650 | 0 |
_aJavaserver pages _930350 |
|
| 650 | 0 |
_aThe basics of javaserver faces _930351 |
|
| 655 | 7 |
_aElectronic books. _2local _930352 |
|
| 776 | 0 | 8 | _z9781484235935 |
| 776 | 0 | 8 | _z9781484235959 |
| 776 | 0 | 8 | _z9781484246566 |
| 856 | 4 | 0 |
_yView this electronic item in O'Reilly Online Learning: Academic/Public Library Edition. _uhttps://ezproxy.spl.org/login?url=https://learning.oreilly.com/library/view/~/9781484235942/?ar _zAn e-book available through full-text database. |
| 942 |
_2ddc _cBK _e2nd _k006.671 JUNJ |
||
| 999 |
_c222474 _d222474 |
||
| 999 | _b03653426 | ||